00193nam a2200073Ia 4500008004100000082001700041245005000058300001100108230907s9999||||xx |||||||||||||| ||und|| a333.794bALT 0aAlternative energy sources and technologies : a512 p.